Samanya vigyan (Record no. 359009)

MARC details
000 -LEADER
fixed length control field 00445 a2200181 4500
005 - DATE & TIME
control field 20250514153915.0
008 - FIXED-LENGTH DATA ELEMENTS--GENERAL INFORMATION
fixed length control field 250514b |||||||| |||| 00| 0 eng d
020 ## - ISBN
International Standard Book Number 9789387253537
Price Rs. 290.00
040 ## - CATALOGING SOURCE
Original cataloging agency VIVEKANANDA LIBRARY
082 ## - DDC NUMBER
Classification number 613.7046
Book Number G959S
100 ## - MAIN ENTRY--PERSONAL NAME
Personal name Gupta, Prakash
245 ## - TITLE STATEMENT
Title Samanya vigyan
260 ## - PUBLICATION, DISTRIBUTION, ETC. (IMPRINT)
Name of publisher, distributor, etc Kitab Mahal
Date of publication, distribution, etc 2024
Place of publication, distribution, etc New Delhi
300 ## - PHYSICAL DESCRIPTION
Pages xii, 356
650 ## - Subject
Subject Natural Science
650 ## - Subject
Subject Stem Cells
942 ## - ADDED ENTRY ELEMENTS (KOHA)
Koha item type Books
Holdings
Withdrawn status Lost status Source of classification or shelving scheme Damaged status Not for loan Location (home branch) Sublocation or collection (holding branch) Shelving location Date acquired Koha issues (times borrowed) Koha full call number Accession No. Koha date last seen Koha item type
    Dewey Decimal Classification     VIVEKANANDA LIBRARY VIVEKANANDA LIBRARY Vivekananda Library 31/01/2025   613.7046 G959S 437089 31/01/2025 Books
    Dewey Decimal Classification     VIVEKANANDA LIBRARY VIVEKANANDA LIBRARY Vivekananda Library 31/01/2025   613.7046 G959S 437086 31/01/2025 Books
    Dewey Decimal Classification     VIVEKANANDA LIBRARY VIVEKANANDA LIBRARY Vivekananda Library 31/01/2025   613.7046 G959S 437088 31/01/2025 Books
    Dewey Decimal Classification     VIVEKANANDA LIBRARY VIVEKANANDA LIBRARY Vivekananda Library 31/01/2025   613.7046 G959S 437090 31/01/2025 Books
    Dewey Decimal Classification     VIVEKANANDA LIBRARY VIVEKANANDA LIBRARY Vivekananda Library 31/01/2025   613.7046 G959S 437087 31/01/2025 Books
© Designed and Maintained by Vivekananda Library, MDU Rohtak